00394nam a2200145 a 450000500170000000800410001702000180005805000210007610000180009724500480011526000320016330000090019544000230020465000210022720140412111429.0090226s19uu xx 00 eng d a0-590-12988-0 aTR(PS EbFa 1996 aKarlin, Nurit aThe Fat Cat Sat on the Mat /cNurit Karlin. aU.S.A :bScholastic,c1996. a32p. aAn I can read book aStories in rhyme